000 00691nam a22002297a 4500
005 20170124105926.0
010 _a386886
020 _c00.00
035 _a386886
037 _bCen Lib/Ret
040 _aDPL
_bEN
082 _a027.0991
_bKEE
245 _aA directory of libraries in Malaysia /
_cCompiled by Kent H. Keeth
260 _aKuala Lumpur
_bUniversity of Malaya libraries
_c1965
270 _aKuala Lumpur
_bKuala Lumpur
300 _a163p.
_c21cm(Hb)
500 _aIncludes appendix
650 _aLibrary science
_9105355
650 _aLibraries development - Malaysia
_9105356
700 _aKeeth, Kent H.
_9105357
942 _2ddc
_cEN
_h027.0991
_mDIR
999 _c123487
_d123487